Statystyki dla Państwa z Najładniejszymi Flagami

Kliknij tutaj aby rozwiązać quiz!

Ogólne statystyki

  • Ten quiz został rozwiązany 123 razy
  • Średni wynik to 9 z 14

Statystyki odpowiedzi

Odpowiedź% Poprawnych
Cypr
96%
Macedonia Północna
94%
Malta
93%
Ukraina
92%
Wielka Brytania
91%
Kosowo
85%
Kirgistan
64%
Mozambik
63%
Burkina Faso
61%
Nauru
59%
Antigua i Barbuda
54%
Naddniestrze
31%
Sealand
20%
Wrzelowiec
9%

Rozkład punktacji

Percentyl według liczby udzielonych odpowiedzi

Procent ludzi z każdym wynikiem

Twoja historia wyników

Nie rozwiązałeś tego quizu